• 首页
  • 本馆介绍
  • 公告通知
  • 最新文献
  • 馆藏检索
  • 电子资源
  • 读者导购
  • 参考咨询
  • 我的图书馆
  • 登录
  • 详细信息显示
  • 放入我的书架
  • 预约/预借图书
  • 作者相关作品
  • 分类相关作品
  • 丛书相关作品
  • 出版社相关作品

书目信息

  • 表格格式
  • 工作单格式
  • 卡片格式
题名:
《反杜林论》简明教程
    
 
作者: 吴振海 编著
分册:  
出版信息: 天津   天津人民出版社  1981
页数: 247页
开本: 21cm
丛书名:
单 册:
中图分类: B17
科图分类:
主题词: 恩格斯著作-反杜林论--教材 , 马克思主义哲学--传播--世界 , 马克思主义哲学--发展--世界
电子资源:
ISBN:
000 00804nam0 2200265 45
001 0181004634
005 20060816174808.75
010    @dCNY1.01
091    @a2072.105
100    @a19950626d1981 em y0chiy0121 ea
101 0  @achi
102    @aCN@b120000
105    @ay z 000yy
200 12 @a《反杜林论》简明教程@A《 fan du lin lun》 jian ming jiao cheng@e哲学编@f吴振海编著@Fwu zhen hai bian zhu
210    @a天津@c天津人民出版社@d1981
215    @a247页@d21cm
605    @a反杜林论-恩格斯著作@x教材
606    @a恩格斯著作-反杜林论@x教材
606 0  @a马克思主义哲学@x传播@x世界
606 0  @a马克思主义哲学@x发展@x世界
690    @aB17
701  0 @a吴振海@Awu zhen hai@4编著
801  2 @aCN@bNLC@c20060816
801  0 @aCN@b上海图书馆@c20060814
905    @f2@b69094-095@dB17@e5@b69098@f1
    
    《反杜林论》简明教程:哲学编/吴振海编著.-天津:天津人民出版社,1981
    247页;21cm
    
    
    ISBN :CNY1.01
    
●
相关链接 在E读中查询图书 在五车中查询图书 在当当中查询图书 在豆瓣中查询图书


正题名:《反杜林论》简明教程     索取号:B17/5         预约/预借

序号 登录号 条形码 馆藏地/架位号 状态 备注
1 0069094   001124447   密集书库/ [索取号:B17/5] 在馆    
2 0069095   001124438   第一样本阅览室/ [索取号:B17/5] 在馆    
3 0069097   202164264   密集书库/ [索取号:B17/5] 在馆    
4 0069098   001124429   密集书库/ [索取号:B17/5] 在馆    
5 0459594   204595946   密集书库/ [索取号:B17/5] 在馆    
6 0459595   204595955   密集书库/ [索取号:B17/5] 在馆    
7 0459596   204595964   密集书库/ [索取号:B17/5] 在馆    
8 0459597   204595973   密集书库/ [索取号:B17/5] 在馆    
9 0459598   204595982   密集书库/ [索取号:B17/5] 在馆    
10 0465151   204651518   密集书库/ [索取号:B17/5] 在馆    
唐山师范学院图书馆 欢迎您!
大连网信软件有限公司© 版权所有